000 00673nam a2200157 a 4500
001 000031027
005 20200930062646.0
008 110610s1928 dr r 000 0 spa d
040 _aDO-SdBNP
_bspa
_cBNPHU
082 _axxxx
_bxxxx
100 1 _akelsey, Albert
_957520
245 1 0 _aPrograma y reglamento del concurso para la selección de un arquitecto para el Faro Monumental que la naciones del mundo erigirán en la República Dominicana a la memoria de Cristóbal Colón /
_cAlbert Kelsey.
260 _a[Santo Domingo] :
_bUnión Panamericana,
_c1928.
300 _a72 p. :
_bil. ;
_c32 cm.
500 _aIncluye referencias bibliográficas y notas al pie de las páginas
999 _c30519
_d30519